Investigating identities : questions of identity in contemporary international crime fiction /

Bibliographic Details
Other Authors: Krajenbrink, Marieke, Quinn, Kate M.
Format: Book
Language:English
Published: Amsterdam ; New York : Rodopi, 2009.
Series:Text (Rodopi (Firm)) ; 56.
Subjects:

MARC

Tag First Indicator Second Indicator Subfields
LEADER 00000cam a2200000Ia 4500
001 in00002452021
005 20151111041804.0
008 090220s2009 ne b 001 0 eng d
016 7 |a B0921087  |2 bccb 
020 |a 9789042025295 (pbk.) 
020 |a 9042025298 (pbk.) 
029 0 |a OHX  |b har095003881 
029 1 |a AU@  |b 000043975155 
029 1 |a BWX  |b R3784572 
029 1 |a NLGGC  |b 316300225 
035 |a (OCoLC)ocn310617936 
035 |a (OCoLC)310617936 
040 |a OHX  |c OHX  |d CDX  |d BGU  |d YDXCP  |d BWX  |d OCLCQ  |d NLGGC  |d UtOrBLW 
049 |a TXAM 
050 4 |a PN3448.D4  |b I58 2009 
072 7 |a PN  |2 lcco 
082 0 4 |a 823.009 
084 |a 17.86  |2 bcl 
245 0 0 |a Investigating identities :  |b questions of identity in contemporary international crime fiction /  |c edited by Marieke Krajenbrink and Kate M. Quinn. 
264 1 |a Amsterdam ;  |a New York :  |b Rodopi,  |c 2009. 
300 |a 348 pages ;  |c 22 cm. 
336 |a text  |b txt  |2 rdacontent 
337 |a unmediated  |b n  |2 rdamedia 
338 |a volume  |b nc  |2 rdacarrier 
490 1 |a Textxet ;  |v 56 
504 |a Includes bibliographical references and index. 
650 0 |a Detective and mystery stories  |x History and criticism. 
650 0 |a Identity (Psychology) in literature. 
650 0 |a Identity (Philosophical concept) in literature. 
700 1 |a Krajenbrink, Marieke. 
700 1 |a Quinn, Kate M. 
830 0 |a Text (Rodopi (Firm)) ;  |v 56. 
938 |a Otto Harrassowitz  |b HARR  |n har095003881 
938 |a Coutts Information Services  |b COUT  |n 9533646  |c 58.00 GBP 
938 |a YBP Library Services  |b YANK  |n 3012289 
938 |a Blackwell Book Service  |b BBUS  |n R3784572  |c $97.20 
945 |a PromptCat  |b 744143 
946 |a stk 
947 |a A14839912485 
994 |a 92  |b TXA 
948 |a cataloged  |b h  |d 2009/7/15  |h c  |e asalazar  |f 4:37:19 pm 
999 |a MARS 
999 f f |s 5042121f-460c-3169-b789-4b05b930d920  |i 1693ff04-e299-3677-b1bc-a5e637842a92  |t 0 
952 f f |p normal  |a Texas A&M University  |b College Station  |c Sterling C. Evans Library  |d Evans: Library Stacks  |t 0  |e PN3448.D4 I58 2009  |h Library of Congress classification  |i unmediated -- volume  |m A14839912485 
998 f f |a PN3448.D4 I58 2009  |t 0  |l Evans: Library Stacks